|
|
|
|
| LEADER |
01577nam a22003853i 4500 |
| 001 |
EBC30406579 |
| 003 |
MiAaPQ |
| 005 |
20231204023230.0 |
| 006 |
m o d | |
| 007 |
cr cnu|||||||| |
| 008 |
231204s2022 xx o ||||0 eng d |
| 020 |
|
|
|a 9789048553341
|q (electronic bk.)
|
| 035 |
|
|
|a (MiAaPQ)EBC30406579
|
| 035 |
|
|
|a (Au-PeEL)EBL30406579
|
| 035 |
|
|
|a (OCoLC)1333920356
|
| 040 |
|
|
|a MiAaPQ
|b eng
|e rda
|e pn
|c MiAaPQ
|d MiAaPQ
|
| 082 |
0 |
|
|a 891.8609004
|
| 100 |
1 |
|
|a Fumerton, Patricia.
|
| 245 |
1 |
0 |
|a Czech Broadside Ballads As Text, Art, Song in Popular Culture, C. 1600-1900.
|
| 250 |
|
|
|a 1st ed.
|
| 264 |
|
1 |
|a Amsterdam :
|b Amsterdam University Press,
|c 2022.
|
| 264 |
|
4 |
|c ©2023.
|
| 300 |
|
|
|a 1 online resource (500 pages)
|
| 336 |
|
|
|a text
|b txt
|2 rdacontent
|
| 337 |
|
|
|a computer
|b c
|2 rdamedia
|
| 338 |
|
|
|a online resource
|b cr
|2 rdacarrier
|
| 588 |
|
|
|a Description based on publisher supplied metadata and other sources.
|
| 590 |
|
|
|a Electronic reproduction. Ann Arbor, Michigan : ProQuest Ebook Central, 2023. Available via World Wide Web. Access may be limited to ProQuest Ebook Central affiliated libraries.
|
| 655 |
|
4 |
|a Electronic books.
|
| 700 |
1 |
|
|a Kosek, Pavel.
|
| 700 |
1 |
|
|a Hanzelková, Marie.
|
| 700 |
1 |
|
|a Pol, Milan.
|
| 776 |
0 |
8 |
|i Print version:
|a Fumerton, Patricia
|t Czech Broadside Ballads As Text, Art, Song in Popular Culture, C. 1600-1900
|d Amsterdam : Amsterdam University Press,c2022
|
| 797 |
2 |
|
|a ProQuest (Firm)
|
| 856 |
4 |
0 |
|u https://ebookcentral.proquest.com/lib/matrademy/detail.action?docID=30406579
|z Click to View
|